Advertising Slogans IV Quiz Stats

 Plays Quiz Updated Dec 8, 2016

Support Sporcle.
Go Orange.
Score 0/20 Timer 05:00
4 Plays Today
Slogan Company % Correct
They're G-r-reat!Kellogg's Frosted Flakes
89.7%
To Life, Love, and LootCaptain Morgan
76%
See You TomorrowApplebees
74.4%
You're in Good HandsAllstate
72.6%
Healthier Pets. Happier People. Better World.Petco
69.6%
Colonel Quality, GuaranteedKentucky Fried Chicken
68.4%
The Every Pain RelieverAdvil
67.6%
Is It in You?Gatorade
63.6%
Plop, Plop, Fizz, Fizz, Oh What a Relief it Is!Alka Seltzer
59%
For Teeth So Healthy They ShineColgate
57.4%
Slogan Company % Correct
Kills Bugs DeadRAID
54.7%
Real. Comfortable. Jeans.Wrangler
53%
We're All Family HereOlive Garden
52.9%
Have a Happy PeriodAlways Maxi Pads
42.1%
Can Do ThatYellow Pages
38.2%
Ridiculously Bubbly7up
36.9%
Champagne of Table WaterPerrier
30.2%
When it fits, you feel itJC Penneys
22.8%
Stick TogetherT-Mobile
8%
Taste them again, for the first timeKellogg's Corn Flakes
6.5%

From the Vault

Democratic National Conventions

by tseroff

History 4m
If Sporcle teaches you one thing, we hope that it's that the DNC was never in Toronto.
Remove Ads.
Support Sporcle.
Get the best of Sporcle when you Go Orange. This ad-free experience offers more features, more stats, and more fun while also helping to support Sporcle. Thank you for becoming a member.

Show Comments

Extras

Top Quizzes Today


Score Distribution

Your Account Isn't Verified!

In order to create a playlist on Sporcle, you need to verify the email address you used during registration. Go to your Sporcle Settings to finish the process.

Report this User

Report this user for behavior that violates our Community Guidelines.

Details: